Contra las agresiones y la intervención del imperialismo en Centroamérica y el Caribe
Tallennettuna:
| Aineistotyyppi: | Teksti |
|---|---|
| Julkaistu: |
Helsinki:
CMP. Centro de Información
|
| Aiheet: | |
| Tagit: |
Lisää tagi
Ei tageja, Lisää ensimmäinen tagi!
|
MARC
| LEADER | 00000 a a2200000 04500 | ||
|---|---|---|---|
| 001 | 15294 | ||
| 003 | |||
| 040 | |||
| 090 | |a 018400 | ||
| 245 | |a Contra las agresiones y la intervención del imperialismo en Centroamérica y el Caribe | ||
| 260 | |a Helsinki: |b CMP. Centro de Información | ||
| 300 | |a 45 p. | ||
| 650 | |a PAZ | ||
| 650 | |a SOBERANIA | ||
| 999 | |c 1416 |d 1416 | ||
